Affordable capital (Record no. 83971)

MARC details
000 -LEADER
fixed length control field 00904cad a22002055a 4500
001 - CONTROL NUMBER
control field L156222
008 - FIXED-LENGTH DATA ELEMENTS--GENERAL INFORMATION
fixed length control field 120508e2012 xxk 000 0 eng d
035 ## - SYSTEM CONTROL NUMBER
System control number (Sirsi) u156222
041 0# - LANGUAGE CODE
Language code of text/sound track or separate title eng
100 1# - MAIN ENTRY--PERSONAL NAME
Personal name McCarvill, PHil
245 00 - TITLE STATEMENT
Title Affordable capital
Remainder of title Housing in London
Medium [electronic resource]
260 ## - PUBLICATION, DISTRIBUTION, ETC.
Place of publication, distribution, etc. London
Name of publisher, distributor, etc. Institute for Public Policy Research
Date of publication, distribution, etc. 2012
520 ## - SUMMARY, ETC.
Summary, etc. Considers costs and affordability issues associated with purchasing and renting in London including social and private rented sectors. Highlights the importance of increasing supply of new and affordable homes in the capital.
590 ## - LOCAL NOTE (RLIN)
Local note KA NTK
651 #4 - SUBJECT ADDED ENTRY--GEOGRAPHIC NAME
Geographic name LONDON
700 1# - ADDED ENTRY--PERSONAL NAME
Personal name Gaffney, Declan
700 1# - ADDED ENTRY--PERSONAL NAME
Personal name Griffith, Matt
856 40 - ELECTRONIC LOCATION AND ACCESS
Uniform Resource Identifier <a href="https://www.ippr.org/images/media/files/publication/2012/05/affordable-capital-housing-london_May2012_9064.pdf">https://www.ippr.org/images/media/files/publication/2012/05/affordable-capital-housing-london_May2012_9064.pdf</a>
Public note View the item free of charge from the www.ippr.org
942 ## - ADDED ENTRY ELEMENTS (KOHA)
Suppress in OPAC 0
Holdings
Withdrawn status Lost status Source of classification or shelving scheme Damaged status Not for loan Home library Current library Shelving location Date acquired Total Checkouts Full call number Barcode Date last seen Copy number Price effective from Koha item type
    Dewey Decimal Classification     Virtual Virtual Online 08/05/2012   ONLINE PUBLICATION 156222-2001 06/08/2019 1 06/08/2019 Journal article